| 000 | 00888nam a22002657a 4500 | ||
|---|---|---|---|
| 001 | 7360 | ||
| 003 | FISKH | ||
| 005 | 20250710145257.0 | ||
| 008 | 250710b cb ||||| |||| 00| 0 eng d | ||
| 020 | _a9780316789820 | ||
| 040 |
_aFISKH _beng _cFISKH _dFISKH |
||
| 050 | _aNC825.C53 E48 | ||
| 082 | _a 741.2 | ||
| 100 | _aEmberley, Ed | ||
| 245 |
_aEd Emberley's picture pie _bA cut and paste drawing book / |
||
| 250 | _aFirst Revised Paperback Edition: January 2006. | ||
| 260 |
_aNew York : _bLittle Brown, _c1984 |
||
| 300 |
_a48 pages : _bcolor illustrations ; _c28 cm |
||
| 505 | _aNP | ||
| 520 | _aShows how to cut a basic circle into arcs and curves and use the pieces to draw birds, animals, snowmen, fish, and many other objects and designs. | ||
| 650 |
_aArt _vGeometry _xPapercraft |
||
| 650 |
_aDrawing _vSchool Math |
||
| 942 |
_2ddc _cBK _n0 |
||
| 999 |
_c7360 _d7360 |
||